000 02308cam a2200529 a 4500
001 991017138109706706
003 ES-BaIT
005 20260119102516.0
008 080813q17661804sp 000 d spa c
026 _en,o; gon, dos. EsEy 3 ca. 1800 Q
_2fei
035 _a(ES-BaCBU).b44311655
040 _aES-VaUB.
_bcat.
_cES-VaUB
_dES-BaBC
080 _a860-2"17"
080 _a821.134.2-2
_x"18"
_22004
245 0 0 _aEntremes de los caldereros
246 3 2 _aCaldereros
260 _a[Madrid] :
_bse hallará en la Librería de Quiroga, calle de la Concepcion Gerónima,
_c[entre 1766 i 1804]
300 _a16 p. ;
_c8º (16 cm)
500 _aTít. obtingut de l'epígraf
500 _aMenció de l'impr. obtinguda del colofó. Data aprox. deduïda de l'any de mort de l'impr.
500 _aText a 1 col. Reclams
500 _aSign.: [ ]8
500 _aP5: D2, H3
510 4 _aCCPB,
_cCCPB000643274-3
510 4 _aVega García Luengos, Germán, Fernández Lera, Rosa, Rey Sayagués, Andrés del. Ediciones de teatro español en la Biblioteca de Menéndez Pelayo,
_c660
533 _aReproducció digital disponible a Biblioescènic
593 0 0 _bVIT-081/17.
_cRelligat en volum factici.
_gExemplar digitalitzat per Crossland.
_hArtur Sedó
593 0 0 _choland. marrón
593 0 0 _choland. azul
593 0 0 _choland. granate. Procedència: Col·lecció Joaquín Montaner
650 0 4 _aTeatre castellà
_yS. XVIII
_xObres anteriors a 1800
650 0 _aEntremesos
_yS. XVIII
_9162695
710 2 _aLibreria de Quiroga,
_dactiu 1766?-1804,
_eimpressor
730 0 _aCol·lecció digital Biblioescènic del MAE
_969172
752 _dMadrid
856 4 1 _zAccés lliure (Biblioescènic)
_3Exemplar VIT-081/17
_uhttps://books.cdmae.cat/visorpdf/?recurs=SV0081-17
856 4 2 _3Fitxa del catàleg manual
_uhttp://www.cdmae.cat/sedo/imgtitulos/010/P0001045.gif
856 4 2 _3Fitxa del catàleg manual
_uhttp://www.cdmae.cat/sedo/imgtitulos/010/P0001046.gif
856 4 2 _3Fitxa del catàleg manual
_uhttp://www.cdmae.cat/sedo/imgtitulos/010/P0001047.gif
902 _aFons antic
902 _aPatrimoni
908 _aAHCB
_aBC
_aCDMAE
910 1 _aQuiroga,
940 _aRB
942 _2udc
_cDIGITAL
999 _c136888
_d136888